[Event "European Team Championship"]
[Site "Reykjavik ISL"]
[Date "2015.11.16"]
[EventDate "2015.11.13"]
[Round "4.12"]
[Result "1/2-1/2"]
[White "Michele Godena"]
[Black "Gudmundur Kjartansson"]
[WhiteElo "2508"]
[BlackElo "2475"]
[PlyCount "108"]

1. e4 e5 2. Nf3 Nf6 3. Nxe5 d6 4. Nf3 Nxe4 5. Nc3 Nxc3 6. dxc3
Be7 7. Be3 O-O 8. Bd3 Nd7 9. Qe2 Nc5 10. Bxc5 dxc5 11. O-O-O
Bd6 12. Rhe1 Qf6 13. Kb1 Bd7 14. Ne5 Be6 15. Qe4 g6 16. f4 b6
17. g3 Bxe5 18. Qxe5 Qxe5 19. Rxe5 Rad8 20. Kc1 Kg7 21. b3 Kf6
22. Rde1 Rd6 23. c4 h5 24. h4 Rfd8 25. Kb2 Bd7 26. Kc3 Re6
27. Rxe6+ Bxe6 28. Kd2 a5 29. a4 Bd7 30. Re5 Re8 31. Rxe8 Bxe8
32. Ke3 Bd7 33. Be2 Bf5 34. Bd1 Ke6 35. Kd2 Ke7 36. Bf3 Kf6
37. Bd5 Be6 38. Be4 Bd7 39. Bd5 Bf5 40. Bc6 Ke7 41. Bd5 Be6
42. Ke3 Kf6 43. Bc6 Kf5 44. Kf3 Bc8 45. Bd5 Kf6 46. Ke3 Bf5
47. Kd2 Kg7 48. Bc6 Kf6 49. Bd5 Ke7 50. Bc6 Ke6 51. Bd5+ Kf6
52. Bc6 Bc8 53. Bd5 Be6 54. Be4 Bc8 1/2-1/2

[Event "European Team Championship"]
[Site "Reykjavik ISL"]
[Date "2015.11.16"]
[EventDate "2015.11.13"]
[Round "4.13"]
[Result "1-0"]
[White "Mircea-Emilian Parligras"]
[Black "Perparim Makoli"]
[WhiteElo "2587"]
[BlackElo "2223"]
[PlyCount "121"]

1. d4 d5 2. c4 dxc4 3. e3 Nf6 4. Bxc4 a6 5. Nf3 e6 6. O-O c5
7. dxc5 Qxd1 8. Rxd1 Bxc5 9. Nbd2 Nbd7 10. Nb3 Be7 11. Bd2 b6
12. Rac1 Bb7 13. Nfd4 Rc8 14. f3 O-O 15. e4 Nc5 16. Be3 Na4
17. Rd2 b5 18. Be2 Rxc1+ 19. Nxc1 Rc8 20. Nd3 Bd8 21. Nb3 Be7
22. a3 Kf8 23. Na5 Ba8 24. Nb4 Bd8 25. Nac6 Bxc6 26. Nxc6 Bb6
27. Bxb6 Nxb6 28. Nb4 a5 29. Na2 Nc4 30. Rc2 Rb8 31. a4 Ne3
32. Rc3 bxa4 33. Rxe3 Rxb2 34. Bc4 Nd7 35. Re2 Rb1+ 36. Kf2
Ne5 37. Ba6 Rb6 38. f4 Ng6 39. Bc4 Nxf4 40. Rd2 g5 41. g3 Ng6
42. Be2 Rb3 43. Rd8+ Kg7 44. Ra8 Ra3 45. Nc1 Ra1 46. Nd3 a3
47. Rxa5 Kf6 48. Ke3 a2 49. Kf2 Rh1 50. Rxa2 Rxh2+ 51. Kg1 Rh6
52. Ra5 Ne7 53. Ne5 Kg7 54. Ra7 Kf8 55. Bg4 f6 56. Ra8+ Kg7
57. Re8 Ng8 58. Bxe6 fxe5 59. Rxg8+ Kf6 60. Bf5 Kf7 61. Rxg5
1-0

[Event "European Team Championship"]
[Site "Reykjavik ISL"]
[Date "2015.11.16"]
[EventDate "2015.11.13"]
[Round "4.15"]
[Result "1-0"]
[White "Igor Kovalenko"]
[Black "Johann Hjartarson"]
[WhiteElo "2694"]
[BlackElo "2529"]
[PlyCount "119"]

1. d4 Nf6 2. c4 e6 3. Nf3 b6 4. g3 Ba6 5. b3 Bb4+ 6. Bd2 Be7
7. Bg2 d5 8. O-O O-O 9. Ne5 Bb7 10. Nc3 Na6 11. cxd5 exd5
12. Rc1 Qc8 13. Bg5 Rd8 14. e3 c5 15. Nd3 Qf5 16. Bxf6 Bxf6
17. dxc5 Nxc5 18. Nxc5 bxc5 19. Qc2 Qe5 20. Na4 Ba6 21. Rfd1
c4 22. Nc5 cxb3 23. axb3 Bb5 24. Nb7 Rd7 25. Nc5 Rd6 26. Nd3
Bxd3 27. Qxd3 Rad8 28. Rc5 g6 29. Bxd5 Kg7 30. e4 Qb2 31. Rc2
Qa3 32. Qe3 R6d7 33. Rc6 Qb2 34. Ra6 Rc7 35. Rxa7 Bd4 36. Ra2
Qxa2 37. Qxd4+ f6 38. Kg2 Qe2 39. Ra1 g5 40. Qb6 Rcd7 41. h3
h5 42. Ra6 Rd6 43. Ra7+ Kg6 44. Qc5 Kh6 45. Rf7 g4 46. Qa7 Rh8
47. h4 Ra6 48. Qd4 Kg6 49. Re7 Qf3+ 50. Kg1 Rd8 51. Ra7 Rxa7
52. Qxa7 Rc8 53. Bc4 Rd8 54. Bd5 Rc8 55. Bc4 Rd8 56. Kh2 Kh6
57. Qc5 Qxe4 58. Bf7 Kg7 59. Qc7 Qe1 60. Bd5+ 1-0

[Event "European Team Championship"]
[Site "Reykjavik ISL"]
[Date "2015.11.16"]
[EventDate "2015.11.13"]
[Round "4.16"]
[Result "1/2-1/2"]
[White "Markus Ragger"]
[Black "Mikael Agopov"]
[WhiteElo "2688"]
[BlackElo "2452"]
[PlyCount "166"]

1. d4 Nf6 2. c4 e6 3. Nf3 b6 4. g3 Bb7 5. Bg2 Be7 6. O-O O-O
7. Nc3 Ne4 8. Nxe4 Bxe4 9. Nh4 Bxg2 10. Nxg2 d5 11. Qa4 Qd7
12. Qxd7 Nxd7 13. cxd5 exd5 14. Rd1 Rfd8 15. Bf4 Rac8 16. Rac1
c6 17. Ne3 g6 18. Bc7 Rxc7 19. Nxd5 Bg5 20. Nxc7 Bxc1 21. Rxc1
Nb8 22. d5 cxd5 23. Nb5 a6 24. Nd4 Kf8 25. Rc7 Ke8 26. Nc6
Nxc6 27. Rxc6 Rb8 28. Rd6 Ke7 29. Rxd5 Rc8 30. Rd3 b5 31. Rc3
Rd8 32. Rc7+ Ke8 33. Rc2 Rd1+ 34. Kg2 Kd7 35. h4 h5 36. Kf3
Kd6 37. Ke3 Rb1 38. Rd2+ Ke5 39. Kd3 Rf1 40. e3 Rc1 41. Rc2
Rd1+ 42. Ke2 Rb1 43. Kf3 Kd5 44. Kf4 Ke6 45. b3 a5 46. Ke4 a4
47. bxa4 bxa4 48. Kd3 a3 49. e4 Rd1+ 50. Rd2 Rb1 51. Kd4 f5
52. Rd3 Rb2 53. Rxa3 Rxf2 54. Ra6+ Kf7 55. Ra7+ Ke6 56. Ra6+
Kf7 57. Ke3 Rf1 58. Ke2 Rc1 59. exf5 gxf5 60. Ke3 Rc4 61. a4
Rg4 62. Kf3 f4 63. gxf4 Rxh4 64. a5 Rh3+ 65. Kg2 Ra3 66. Ra8
Ra2+ 67. Kg3 Ra3+ 68. Kh4 Ra4 69. Kg5 h4 70. Ra7+ Kf8 71. Ra8+
Kf7 72. Ra7+ Kf8 73. Kg6 h3 74. a6 h2 75. Ra8+ Ke7 76. Ra7+
Kd6 77. Rh7 Rxf4 78. Rxh2 Ra4 79. Kf7 Kc7 80. Rh6 Kb8 81. Ke7
Ka7 82. Kd7 Rxa6 83. Rxa6+ Kxa6 1/2-1/2

[Event "European Team Championship"]
[Site "Reykjavik ISL"]
[Date "2015.11.16"]
[EventDate "2015.11.13"]
[Round "4.16"]
[Result "1-0"]
[White "Tapani Sammalvuo"]
[Black "Davit Shengelia"]
[WhiteElo "2422"]
[BlackElo "2579"]
[PlyCount "183"]

1. d4 Nf6 2. c4 e6 3. Nf3 d5 4. g3 Bb4+ 5. Bd2 Be7 6. Bg2 c6
7. Qc2 b6 8. Bf4 O-O 9. O-O Nbd7 10. Rd1 Ba6 11. Ne5 Rc8
12. cxd5 cxd5 13. Nc6 Nh5 14. Bc1 Nb8 15. Nxe7+ Qxe7 16. Qd2
Rc7 17. Nc3 Rfc8 18. Qe1 Nc6 19. e4 Qd8 20. e5 Nb4 21. Rd2 g6
22. Qd1 Ng7 23. Qa4 Rc4 24. Bf1 b5 25. Qd1 Nf5 26. Bxc4 bxc4
27. Re2 Nd3 28. Be3 Qb6 29. Rd2 Nxe3 30. fxe3 Nxb2 31. Qf3 Nd3
32. Rb1 Qa5 33. Rc2 Qc7 34. g4 Rb8 35. Rf1 Qe7 36. Qf6 Qxf6
37. exf6 h6 38. h4 Kf8 39. Rb1 Rb6 40. Rxb6 axb6 41. a4 Ke8
42. e4 Bb7 43. exd5 Bxd5 44. a5 Nb4 45. a6 Nxa6 46. Rb2 Nb8
47. Nxd5 exd5 48. Rxb6 Nd7 49. Rc6 Kd8 50. Kf2 Nf8 51. Rd6+
Kc7 52. Rxd5 Ne6 53. Ke3 c3 54. Ra5 Kd6 55. Ke4 c2 56. Ra6+
Kd7 57. Ra1 Nf8 58. d5 Kd8 59. g5 hxg5 60. hxg5 Nd7 61. Kd4
Nf8 62. Kc5 Kd7 63. Rc1 Nh7 64. Rxc2 Nxg5 65. Re2 Kd8 66. Re7
Kc8 67. Kd6 Kd8 68. Kc6 Nf3 69. Rb7 Ne5+ 70. Kd6 Nc4+ 71. Kc5
Ne5 72. Ra7 g5 73. Ra8+ Kd7 74. Ra7+ Kd8 75. Ra8+ Kd7 76. Rg8
Ng4 77. Rxg5 Nxf6 78. Rf5 Ne4+ 79. Kd4 Nd6 80. Re5 Nb5+
81. Kc4 Nd6+ 82. Kc5 Nb7+ 83. Kd4 Nd6 84. Re1 Nb5+ 85. Kc5 Nd6
86. Ra1 Nc8 87. Ra6 Kd8 88. d6 Kd7 89. Rc6 f5 90. Rc7+ Kd8
91. Rf7 f4 92. Kc6 1-0

[Event "European Team Championship"]
[Site "Reykjavik ISL"]
[Date "2015.11.16"]
[EventDate "2015.11.13"]
[Round "4.16"]
[Result "0-1"]
[White "Robert Kreisl"]
[Black "Mika Karttunen"]
[WhiteElo "2442"]
[BlackElo "2426"]
[PlyCount "136"]

1. Nf3 Nf6 2. c4 g6 3. Nc3 Bg7 4. e4 d6 5. d4 O-O 6. Be2 Bg4
7. Be3 Nfd7 8. Qd2 a6 9. h4 c5 10. d5 b5 11. Bh6 Nf6 12. h5
Bxh5 13. Bxg7 Kxg7 14. Nh4 Bxe2 15. Nxe2 Nbd7 16. Qh6+ Kh8
17. f4 Qa5+ 18. Nc3 Rg8 19. Nf3 b4 20. Nb1 Rg7 21. Nbd2 b3
22. Ke2 bxa2 23. e5 Nh5 24. Kd1 Ng3 25. Rh2 Nf5 26. Qh3 f6
27. e6 Nf8 28. Ne1 Rb8 29. Qc3 Qxc3 30. bxc3 g5 31. fxg5 Rxg5
32. Rxa2 Rb6 33. Nef3 Rg4 34. Ke2 Ng6 35. Kf2 Nf4 36. Ne1 Ng6
37. Rh5 Ng7 38. Rh1 Ne5 39. Nef3 Nd3+ 40. Ke3 Nf4 41. Nh2
Nxg2+ 42. Kf3 Rg6 43. Ng4 Nf5 44. Kxg2 Ne3+ 45. Kf3 Nxg4
46. Rha1 Ne5+ 47. Kf2 f5 48. Rxa6 Rxa6 49. Rxa6 Rg8 50. Ra7
Re8 51. Nf1 Kg7 52. Ng3 Kg6 53. Ra1 h5 54. Rg1 Ng4+ 55. Kf3
Kg5 56. Rh1 h4 57. Ne2 Ne5+ 58. Kf2 Ra8 59. Rg1+ Ng4+ 60. Kf3
Ra4 61. Rb1 Rxc4 62. Rb8 Ne5+ 63. Kf2 Ng6 64. Rg8 Kf6 65. Kg2
Rg4+ 66. Kh2 Re4 67. Ng1 Re3 68. c4 Rc3 0-1

[Event "European Team Championship"]
[Site "Reykjavik ISL"]
[Date "2015.11.16"]
[EventDate "2015.11.13"]
[Round "4.16"]
[Result "0-1"]
[White "Sampsa Nyysti"]
[Black "Georg Froewis"]
[WhiteElo "2353"]
[BlackElo "2433"]
[PlyCount "84"]

1. e4 e6 2. d4 d5 3. Nc3 Bb4 4. e5 c5 5. a3 Bxc3+ 6. bxc3 Ne7
7. Qg4 cxd4 8. Bd3 Qa5 9. Ne2 Ng6 10. h4 O-O 11. Qg3 Qc7
12. cxd4 f5 13. h5 Ne7 14. Bg5 b6 15. c3 Nec6 16. Nf4 Nxe5
17. dxe5 Qxc3+ 18. Ke2 Qxe5+ 19. Qe3 Qb2+ 20. Qd2 Qe5+ 21. Kf3
Qd6 22. h6 Rf7 23. Rae1 Nc6 24. g3 e5 25. hxg7 Bb7 26. Rh6
Qxa3 27. Kg2 d4 28. Kg1 b5 29. Nh5 Nb4 30. Bxb5 Qf3 31. Nf6+
Kxg7 32. Rxh7+ Kg6 33. Rh6+ Kg7 34. Rh7+ Kg6 35. Rh2 Rh8
36. Bh6 f4 37. Rxe5 Rxh6 38. Rxh6+ Kxh6 39. Rh5+ Kg6 40. Rh2
Rxf6 41. Be8+ Kg7 42. Qxd4 Qd5 0-1

[Event "European Team Championship"]
[Site "Reykjavik ISL"]
[Date "2015.11.16"]
[EventDate "2015.11.13"]
[Round "4.17"]
[Result "0-1"]
[White "Steven Geirnaert"]
[Black "Tomas Laurusas"]
[WhiteElo "2449"]
[BlackElo "2435"]
[PlyCount "128"]

1. d4 Nf6 2. c4 g6 3. f3 Bg7 4. e4 d6 5. Nc3 O-O 6. Be3 Nc6
7. Nge2 Bd7 8. Qd2 a6 9. Rc1 b5 10. cxb5 axb5 11. Nxb5 Rxa2
12. Nec3 Ra8 13. Rd1 Qb8 14. Be2 Qb7 15. O-O Rfb8 16. Rb1 Nb4
17. Na3 Be8 18. Rfc1 Nd7 19. Ncb5 Na6 20. d5 Ne5 21. f4 Nd7
22. b4 Nf6 23. Nc3 Qc8 24. Nc2 e6 25. dxe6 Qxe6 26. b5 Nc5
27. Bxc5 dxc5 28. e5 Rd8 29. Qe3 Ng4 30. Qf3 h5 31. h3 Nh6
32. g4 hxg4 33. hxg4 Rab8 34. Ne4 c4 35. Ne3 Bxb5 36. Rxb5
Rxb5 37. Bxc4 Qb6 38. Bxb5 Nxg4 39. Rc5 Bf8 40. Qxg4 Bxc5
41. Qh4 Be7 42. Qxe7 Qxe3+ 43. Nf2 Rd2 44. Qh4 Rd4 45. Qh3
Qc1+ 46. Bf1 Qxf4 47. e6 f5 48. Qb3 Kf8 49. Qa3+ Rd6 50. Qc5
Qg3+ 51. Bg2 Ke8 52. Kf1 Kd8 53. Bd5 Qe5 54. e7+ Qxe7 55. Nd3
Qf6 56. Nf4 Qe5 57. Qc4 c6 58. Ne6+ Kd7 59. Nc5+ Ke8 60. Bf3
Ke7 61. Qb4 Kf6 62. Qc4 Qe3 63. Be2 Rd4 64. Qg8 Qc1+ 0-1

[Event "European Team Championship"]
[Site "Reykjavik ISL"]
[Date "2015.11.16"]
[EventDate "2015.11.13"]
[Round "4.17"]
[Result "1-0"]
[White "Mindaugas Beinoras"]
[Black "Thibaut Vandenbussche"]
[WhiteElo "2340"]
[BlackElo "2421"]
[PlyCount "121"]

1. d4 d6 2. e4 g6 3. Nc3 Bg7 4. f4 Nc6 5. d5 Nd4 6. Be3 c5
7. dxc6 Nxc6 8. Nf3 Nf6 9. Be2 O-O 10. Nd4 Bd7 11. Nb3 a5
12. a4 Nb4 13. O-O Bc6 14. Bf3 Qc7 15. Qe2 e5 16. fxe5 dxe5
17. Bc5 Rfe8 18. Nb5 Bxb5 19. Qxb5 Bf8 20. c3 Bxc5+ 21. Nxc5
Na6 22. Nb3 b6 23. Rad1 Kg7 24. Rd2 Re6 25. Rfd1 Nc5 26. Nxc5
bxc5 27. Qc4 h5 28. Rf1 Raa6 29. Rdf2 Rab6 30. Bd1 Qe7 31. h3
Qb7 32. Qxc5 Rxb2 33. Rxb2 Qxb2 34. Qxa5 Nxe4 35. Qb4 Qxb4
36. cxb4 Nc3 37. Bb3 Re7 38. Kf2 Rb7 39. b5 Nxb5 40. axb5 Rxb5
41. Rb1 h4 42. Ba2 Rxb1 43. Bxb1 f5 44. Ke3 Kf6 45. Bc2 Kg5
46. Ba4 Kf6 47. Bb5 Kg5 48. Be8 Kf6 49. Kd3 Kg5 50. Kc4 e4
51. Kd4 Kf6 52. Bd7 Ke7 53. Bb5 Ke6 54. Ba4 g5 55. Bd1 Kf6
56. Bh5 g4 57. hxg4 fxg4 58. Bxg4 Kg5 59. Bd7 Kf4 60. Bh3 e3
61. Kd3 1-0

[Event "European Team Championship"]
[Site "Reykjavik ISL"]
[Date "2015.11.16"]
[EventDate "2015.11.13"]
[Round "4.18"]
[Result "0-1"]
[White "Graham Morrison"]
[Black "Hogni Egilstoft Nielsen"]
[WhiteElo "2323"]
[BlackElo "2300"]
[PlyCount "150"]

1. d4 e6 2. c4 b6 3. a3 Bb7 4. Nc3 f5 5. d5 Nf6 6. g3 Na6
7. Bg2 Bd6 8. Nf3 Nc5 9. dxe6 dxe6 10. b4 Nce4 11. Qb3 Nxc3
12. Qxc3 O-O 13. O-O Qe7 14. Bf4 Ne4 15. Qb2 Bxf4 16. gxf4 Rf6
17. Rad1 Rg6 18. Qd4 Nd6 19. Rd3 Be4 20. Re3 Rd8 21. Kh1 Nf7
22. Qc3 Rg4 23. Ne1 Rxf4 24. Bxe4 Rxe4 25. Rxe4 fxe4 26. Rg1
e5 27. Nc2 Qf6 28. Qe3 Qf4 29. Rg3 Qxe3 30. Nxe3 c6 31. Rg4
Rd2 32. Rxe4 Rxe2 33. f4 h6 34. f5 Kh7 35. h4 h5 36. b5 c5
37. Kg1 Ra2 38. Nd5 Rxa3 39. Kg2 Rd3 40. Ne7 Rd2+ 41. Kf3 Rd1
42. Re2 Rd4 43. Kg3 Rxc4 44. Ra2 Nd6 45. Rxa7 Rg4+ 46. Kh3 Rf4
47. Ra6 Nxf5 48. Nxf5 Rxf5 49. Rxb6 Rf3+ 50. Kg2 Rb3 51. Re6
Rxb5 52. Rxe5 Kg6 53. Rg5+ Kh6 54. Rd5 Rb4 55. Kh3 Rb3+
56. Kg2 Rc3 57. Rd6+ Kh7 58. Rc6 Kg8 59. Rc7 Kf8 60. Kh2 c4
61. Kg2 Rc1 62. Kh2 c3 63. Kg2 g6 64. Kh2 Ke8 65. Rg7 Rd1
66. Rc7 Rd2+ 67. Kg3 c2 68. Kh3 Kd8 69. Rc4 Ke7 70. Kg3 Ke6
71. Kf3 Kd5 72. Rc8 Kd4 73. Rd8+ Kc3 74. Rc8+ Kb2 75. Rb8+ Kc1
0-1

[Event "European Team Championship"]
[Site "Reykjavik ISL"]
[Date "2015.11.16"]
[EventDate "2015.11.13"]
[Round "4.12"]
[Result "1/2-1/2"]
[White "Henrik Danielsen"]
[Black "Axel Rombaldoni"]
[WhiteElo "2500"]
[BlackElo "2539"]
[PlyCount "268"]

1. d4 e6 2. c4 Bb4+ 3. Bd2 Qe7 4. g3 Nc6 5. Nf3 Nf6 6. Nc3 O-O
7. Bg2 Bxc3 8. Bxc3 Ne4 9. Qc2 Nxc3 10. Qxc3 d6 11. b4 e5
12. d5 Nd8 13. O-O f5 14. c5 Nf7 15. Rfc1 Bd7 16. a4 Rfd8
17. b5 b6 18. c6 Be8 19. a5 Rac8 20. e4 Nh6 21. Bh3 Qf6
22. Nh4 fxe4 23. axb6 axb6 24. Bxc8 Rxc8 25. f4 exf3 26. Qxf3
Qxf3 27. Nxf3 Bf7 28. Rd1 Bh5 29. Rf1 Ng4 30. Rfe1 Nf6
31. Nxe5 dxe5 32. Rxe5 Bf7 33. d6 cxd6 34. Re7 Bc4 35. Rb7
Bxb5 36. Rxb6 Bc4 37. Ra7 Kf8 38. Rbb7 Ne8 39. c7 Ke7 40. Rb8
Be6 41. Raa8 Rxc7 42. Rxe8+ Kf6 43. Ra1 Kf7 44. Rd8 Ke7
45. Rda8 Rc2 46. Re1 Rc7 47. Ra3 Rc6 48. Ra7+ Kf6 49. Rf1+ Kg6
50. Rfa1 Rc2 51. Re1 Kf6 52. Rf1+ Kg6 53. Rd1 Rc6 54. Rb1 Kf6
55. Rf1+ Kg6 56. h4 Rc3 57. Re1 Kf6 58. Kf2 h5 59. Re3 Rc2+
60. Re2 Rc6 61. Ra3 g6 62. Ke3 Rb6 63. Kf4 Rb1 64. Rd2 Rb4+
65. Ke3 Rb6 66. Ra8 Bf5 67. Ra5 Rb3+ 68. Kf2 Rb6 69. Rad5 Ke6
70. Ke3 Ke7 71. Kf4 Be6 72. R5d4 Bf5 73. Kg5 Rb3 74. Re2+ Kd7
75. Kf4 Bg4 76. Red2 Rf3+ 77. Kg5 Bf5 78. Rxd6+ Ke7 79. R6d4
Rxg3+ 80. Kh6 Kf7 81. Rb2 Re3 82. Rb6 Re6 83. Rd7+ Kf6
84. Rxe6+ Kxe6 85. Rd2 Ke5 86. Kg5 Ke4 87. Rf2 Ke3 88. Rf4 Be4
89. Rf8 Bf5 90. Rb8 Kf3 91. Rb3+ Ke4 92. Ra3 Ke5 93. Re3+ Kd5
94. Kf4 Kd6 95. Kg5 Kd5 96. Kf6 Kd4 97. Re5 Be4 98. Ra5 Bf5
99. Ra4+ Ke3 100. Rb4 Kf3 101. Kg5 Ke3 102. Rf4 Be4 103. Rf1
Bf5 104. Re1+ Kf3 105. Re5 Be4 106. Ra5 Bf5 107. Ra3+ Ke4
108. Rg3 Ke5 109. Re3+ Kd5 110. Kf4 Kd6 111. Re5 Bc2 112. Ra5
Bf5 113. Ke3 Ke6 114. Kd4 Bg4 115. Rb5 Bh3 116. Re5+ Kf6
117. Ke4 Bf5+ 118. Kf4 Bc2 119. Rc5 Bf5 120. Rc6+ Ke7 121. Ke5
Kd7 122. Rd6+ Kc7 123. Kd5 Kb7 124. Kc5 Kc7 125. Rd4 Bc2
126. Kd5 Bf5 127. Ra4 Kb6 128. Rc4 Kb5 129. Rc3 Kb4 130. Rc7
Bg4 131. Ke5 Bf5 132. Kf6 Kb5 133. Kg5 Kb6 134. Rf7 Bd3
1/2-1/2

[Event "European Team Championship"]
[Site "Reykjavik ISL"]
[Date "2015.11.17"]
[EventDate "2015.11.13"]
[Round "5.3"]
[Result "1/2-1/2"]
[White "Ivan Salgado Lopez"]
[Black "Etienne Bacrot"]
[WhiteElo "2615"]
[BlackElo "2686"]
[PlyCount "53"]

1. e4 e5 2. Nf3 Nc6 3. Bb5 Nf6 4. O-O Nxe4 5. Re1 Nd6 6. Nxe5
Be7 7. Bf1 Nxe5 8. Rxe5 O-O 9. Nc3 Ne8 10. Nd5 Bd6 11. Re1 c6
12. Ne3 Bc7 13. Nf5 d5 14. Ne7+ Kh8 15. Nxc8 Rxc8 16. d3 Nf6
17. g3 Qd7 18. Qf3 Ng4 19. d4 f5 20. Bf4 Nf6 21. Bxc7 Qxc7
22. Qa3 Qb6 23. Re7 Ng8 24. Rd7 Nf6 25. Re7 Ng8 26. Rd7 Nf6
27. Re7 1/2-1/2

[Event "European Team Championship"]
[Site "Reykjavik ISL"]
[Date "2015.11.17"]
[EventDate "2015.11.13"]
[Round "5.5"]
[Result "1/2-1/2"]
[White "Liviu Dieter Nisipeanu"]
[Black "Michael Adams"]
[WhiteElo "2683"]
[BlackElo "2744"]
[PlyCount "44"]

1. d4 Nf6 2. c4 e6 3. Nf3 d5 4. Nc3 Be7 5. Bg5 h6 6. Bxf6 Bxf6
7. Qc2 dxc4 8. e3 c5 9. dxc5 Qa5 10. Bxc4 Nd7 11. c6 Nb6
12. Bb3 bxc6 13. O-O Bxc3 14. bxc3 O-O 15. Qe4 Qxc3 16. Rfc1
Qf6 17. Ne5 Bb7 18. Bc2 g6 19. Nd3 Ba6 20. Nb4 Bb7 21. Nd3 Ba6
22. Nb4 Bb7 1/2-1/2

[Event "European Team Championship"]
[Site "Reykjavik ISL"]
[Date "2015.11.17"]
[EventDate "2015.11.13"]
[Round "5.6"]
[Result "1-0"]
[White "Aryan Tari"]
[Black "Nico Georgiadis"]
[WhiteElo "2532"]
[BlackElo "2472"]
[PlyCount "79"]

1. c4 e6 2. d4 Nf6 3. Nf3 d5 4. Nc3 Bb4 5. cxd5 exd5 6. Bg5 h6
7. Bh4 g5 8. Bg3 Ne4 9. Nd2 Nxg3 10. hxg3 c6 11. e4 dxe4
12. Ndxe4 Be6 13. d5 Bxc3+ 14. bxc3 cxd5 15. Qd4 Rf8 16. Nf6+
Ke7 17. Rxh6 Nc6 18. Qc5+ Qd6 19. Nxd5+ Kd7 20. Nf6+ Kc7
21. Qxd6+ Kxd6 22. Ne4+ Kc7 23. Nxg5 Bf5 24. O-O-O Rae8
25. Rf6 Bg6 26. Bd3 Kb6 27. f4 Bxd3 28. Rxd3 Re2 29. Rd2 Re3
30. Kc2 Rxg3 31. Rxf7 Rg8 32. Rf6 a6 33. Rf2 Kb5 34. Re6 Kb6
35. Ree2 Rc8 36. Kb2 Na5 37. Ne4 Nc4+ 38. Kc2 Rg4 39. f5 Ne5
40. Nf6 1-0

[Event "European Team Championship"]
[Site "Reykjavik ISL"]
[Date "2015.11.17"]
[EventDate "2015.11.13"]
[Round "5.8"]
[Result "1-0"]
[White "Ivan Saric"]
[Black "Alexey Shirov"]
[WhiteElo "2652"]
[BlackElo "2689"]
[PlyCount "65"]

1. e4 c5 2. Nf3 d6 3. d4 cxd4 4. Nxd4 Nf6 5. Nc3 a6 6. Be3 e5
7. Nb3 Be6 8. f3 Be7 9. Qd2 O-O 10. O-O-O a5 11. a4 Nc6
12. Kb1 Nb4 13. g4 Rc8 14. g5 Nd7 15. f4 exf4 16. Bxf4 Bxb3
17. cxb3 Ne5 18. h4 f6 19. Bh3 Rc6 20. Qe2 Qe8 21. Bxe5 fxe5
22. Rhf1 Kh8 23. Rxf8+ Qxf8 24. Rf1 Qd8 25. Qf3 g6 26. Be6 Rc7
27. Nb5 Rc2 28. h5 Bxg5 29. hxg6 Bf4 30. Qh5 Rh2 31. g7+ Kxg7
32. Rg1+ Kh8 33. Nxd6 1-0

[Event "European Team Championship"]
[Site "Reykjavik ISL"]
[Date "2015.11.17"]
[EventDate "2015.11.13"]
[Round "5.8"]
[Result "1-0"]
[White "Toms Kantans"]
[Black "Ante Brkic"]
[WhiteElo "2514"]
[BlackElo "2599"]
[PlyCount "57"]

1. e4 e5 2. Nf3 Nc6 3. d4 exd4 4. Nxd4 Bc5 5. Nb3 Bb6 6. Nc3
d6 7. a4 a6 8. Nd5 Ba7 9. Bd3 Nge7 10. O-O O-O 11. Be3 f5
12. Bxa7 Rxa7 13. f4 Ra8 14. a5 Kh8 15. c4 fxe4 16. Bxe4 Bf5
17. Bf3 Ng6 18. g3 Bh3 19. Re1 Qd7 20. Qd3 Qf7 21. Nd2 Rae8
22. Qc3 Nd8 23. Ne4 h6 24. Nf2 Be6 25. Bh5 c6 26. Ne3 Kh7
27. Ne4 Qc7 28. Bxg6+ Kxg6 29. Qd3 1-0

[Event "European Team Championship"]
[Site "Reykjavik ISL"]
[Date "2015.11.17"]
[EventDate "2015.11.13"]
[Round "5.12"]
[Result "1/2-1/2"]
[White "Dmitry Svetushkin"]
[Black "Dragan Kosic"]
[WhiteElo "2585"]
[BlackElo "2470"]
[PlyCount "68"]

1. e4 e6 2. d4 d5 3. Nc3 Nf6 4. e5 Nfd7 5. f4 c5 6. Nf3 Nc6
7. Be3 Be7 8. a3 O-O 9. dxc5 Bxc5 10. Bxc5 Nxc5 11. b4 Nd7
12. Bd3 h6 13. O-O a5 14. b5 Ne7 15. Ne2 Nc5 16. Nfd4 Nf5
17. Qd2 Bd7 18. g4 Nxd4 19. Nxd4 f6 20. Qe3 fxe5 21. Qxe5 Qf6
22. Qe3 Nxd3 23. cxd3 Rac8 24. g5 Qg6 25. Rac1 Rxc1 26. Rxc1
hxg5 27. fxg5 e5 28. Nf3 Rxf3 29. Qxf3 Qxg5+ 30. Kf2 Qd2+
31. Kg3 Qg5+ 32. Kf2 Qd2+ 33. Kg3 Qg5+ 34. Kf2 Qd2+ 1/2-1/2

[Event "European Team Championship"]
[Site "Reykjavik ISL"]
[Date "2015.11.17"]
[EventDate "2015.11.13"]
[Round "5.12"]
[Result "1/2-1/2"]
[White "Luka Draskovic"]
[Black "Viorel Iordachescu"]
[WhiteElo "2454"]
[BlackElo "2581"]
[PlyCount "75"]

1. e4 c6 2. d4 d5 3. e5 Bf5 4. h4 h6 5. g4 Bd7 6. Be3 Qc8
7. Be2 c5 8. dxc5 e6 9. Nf3 Bxc5 10. Bd4 Ne7 11. Nc3 a6
12. Qd2 b5 13. Bd3 Qc7 14. Ne2 Bxd4 15. Nexd4 Nbc6 16. Qe3 Na5
17. O-O-O Nc4 18. Qe1 Rc8 19. g5 Qa5 20. Qxa5 Nxa5 21. Rdg1
Nac6 22. Nxc6 Nxc6 23. gxh6 gxh6 24. Rg7 Ke7 25. Rhg1 Nb4
26. Kd2 Nxa2 27. R7g4 a5 28. Ra1 Nb4 29. Rxa5 Nxd3 30. Kxd3
Rhg8 31. Rf4 Rc4 32. Nd4 Ra4 33. Rxa4 bxa4 34. Rf6 Rb8 35. Kc3
Rc8+ 36. Kd3 Rb8 37. Kc3 Rc8+ 38. Kd3 1/2-1/2

[Event "European Team Championship"]
[Site "Reykjavik ISL"]
[Date "2015.11.17"]
[EventDate "2015.11.13"]
[Round "5.13"]
[Result "0-1"]
[White "Tautvydas Vedrickas"]
[Black "Mika Karttunen"]
[WhiteElo "2320"]
[BlackElo "2426"]
[PlyCount "52"]

1. d4 Nf6 2. c4 e6 3. Nc3 Bb4 4. Qc2 Nc6 5. Nf3 d6 6. Bd2 O-O
7. a3 Bxc3 8. Bxc3 Qe7 9. e3 e5 10. Be2 Bg4 11. d5 Nb8 12. Ng5
Bxe2 13. Kxe2 h6 14. h4 g6 15. Rh3 hxg5 16. hxg5 Nh5 17. g4
Qxg5 18. f3 f5 19. Rg1 Nd7 20. Qc1 fxg4 21. Rxg4 Qf5 22. Qg1
Ndf6 23. e4 Qxg4 24. fxg4 Nf4+ 25. Ke3 Nxh3 26. Qg3 Ng5 0-1

[Event "European Team Championship"]
[Site "Reykjavik ISL"]
[Date "2015.11.17"]
[EventDate "2015.11.13"]
[Round "5.14"]
[Result "1/2-1/2"]
[White "Hjorvar Steinn Gretarsson"]
[Black "Hristos Banikas"]
[WhiteElo "2561"]
[BlackElo "2609"]
[PlyCount "64"]

1. d4 Nf6 2. c4 e6 3. Nc3 Bb4 4. Qc2 c5 5. dxc5 O-O 6. Nf3 Na6
7. g3 Nxc5 8. Bg2 b6 9. O-O Bb7 10. Nb5 Be4 11. Qd1 Nb7 12. a3
Be7 13. Bf4 a6 14. Nc3 Bc6 15. b4 Rc8 16. Rc1 a5 17. b5 Bxf3
18. Bxf3 Nc5 19. Qc2 Ne8 20. Rfd1 Bg5 21. Bxg5 Qxg5 22. e3 Qe5
23. Rd4 Nf6 24. Rcd1 Rfd8 25. R1d2 h6 26. Qd1 Qc7 27. e4 Kf8
28. Bg2 e5 29. Rd6 Ne8 30. R6d5 Nf6 31. Rd6 Ne8 32. R6d5 Nf6
1/2-1/2

[Event "European Team Championship"]
[Site "Reykjavik ISL"]
[Date "2015.11.17"]
[EventDate "2015.11.13"]
[Round "5.16"]
[Result "1-0"]
[White "Rogvi Egilstoft Nielsen"]
[Black "Bedri Sadiku"]
[WhiteElo "2275"]
[BlackElo "2197"]
[PlyCount "55"]

1. e4 c5 2. c3 Nf6 3. e5 Nd5 4. d4 cxd4 5. cxd4 d6 6. Bc4 Nb6
7. Bb5+ Bd7 8. e6 Bxb5 9. Qh5 Qc7 10. Qxb5+ Qc6 11. exf7+ Kxf7
12. Qg5 Qe4+ 13. Ne2 h6 14. Qg3 Nc6 15. Nc3 Qf5 16. O-O Nb4
17. a3 Nd3 18. Rd1 Nxc1 19. Raxc1 e6 20. Rd3 Kg8 21. Rf3 Qg5
22. Qh3 Re8 23. Ne4 Qd5 24. Qg4 Kh7 25. Rf7 Nd7 26. Rc7 Rg8
27. Rfxd7 Kh8 28. Nf6 1-0

[Event "European Team Championship"]
[Site "Reykjavik ISL"]
[Date "2015.11.17"]
[EventDate "2015.11.13"]
[Round "5.18"]
[Result "1/2-1/2"]
[White "Andrew J Muir"]
[Black "Thibaut Vandenbussche"]
[WhiteElo "2313"]
[BlackElo "2421"]
[PlyCount "48"]

1. d4 d6 2. c4 e5 3. d5 Nf6 4. Nc3 Bf5 5. Nf3 Be7 6. g3 O-O
7. Bg2 c6 8. Nh4 Bg4 9. h3 Bd7 10. e4 cxd5 11. cxd5 b5 12. a3
a5 13. Nf5 Na6 14. Be3 b4 15. Na4 Nxd5 16. Qxd5 Bxa4 17. O-O
Bd7 18. Nxe7+ Qxe7 19. Qxa5 Rfb8 20. Qd5 Be6 21. Qc6 Rc8
22. Qb6 Rcb8 23. Qc6 Rc8 24. Qb6 Rcb8 1/2-1/2

[Event "European Team Championship"]
[Site "Reykjavik ISL"]
[Date "2015.11.17"]
[EventDate "2015.11.13"]
[Round "5.3"]
[Result "1/2-1/2"]
[White "Ivan Salgado Lopez"]
[Black "Etienne Bacrot"]
[WhiteElo "2615"]
[BlackElo "2686"]
[PlyCount "54"]

1. e4 e5 2. Nf3 Nc6 3. Bb5 Nf6 4. O-O Nxe4 5. Re1 Nd6 6. Nxe5
Be7 7. Bf1 Nxe5 8. Rxe5 O-O 9. Nc3 Ne8 10. Nd5 Bd6 11. Re1 c6
12. Ne3 Bc7 13. Nf5 d5 14. Ne7+ Kh8 15. Nxc8 Rxc8 16. d3 Nf6
17. g3 Qd7 18. Qf3 Ng4 19. d4 f5 20. Bf4 Nf6 21. Bxc7 Qxc7
22. Qa3 Qb6 23. Re7 Ng8 24. Rd7 Nf6 25. Re7 Ng8 26. Rd7 Nf6
27. Re7 Ng8 1/2-1/2